[Event "English Open Championship 2024"]
[Site "Holiday Inn, 212 Abbey End, Kenilworth CV8 1ED, United Kingdom"]
[Date "2024.06.20"]
[Round "1.36"]
[White "Gibson, Christopher A"]
[Black "Bharat Kumar, Balahari"]
[Result "0-1"]
[TimeControl "G90 + 30secs/move"]
[WhiteFideId "414697"]
[BlackFideId "496464"]
[WhiteElo "1851"]
[BlackElo "1994"]

1. e4 {[%clk 01:30:57]} {[%emt 00:00:03]} c5 {[%clk 01:30:51]} {[%emt
00:00:10]} 2. c3 {[%clk 01:31:22]} {[%emt 00:00:04]} d5 {[%clk 01:31:10]}
{[%emt 00:00:11]} 3. exd5 {[%clk 01:31:46]} {[%emt 00:00:06]} Qxd5 {[%clk
01:31:31]} {[%emt 00:00:10]} 4. d4 {[%clk 01:32:09]} {[%emt 00:00:06]} Nf6
{[%clk 01:31:15]} {[%emt 00:00:47]} 5. Nf3 {[%clk 01:32:19]} {[%emt 00:00:19]}
Bg4 {[%clk 01:31:11]} {[%emt 00:00:34]} 6. dxc5 {[%clk 01:31:59]} {[%emt
00:00:50]} Qxc5 {[%clk 01:07:03]} {[%emt 00:24:39]} 7. Be2 {[%clk 01:30:21]}
{[%emt 00:02:07]} e6 {[%clk 01:05:52]} {[%emt 00:01:42]} 8. O-O {[%clk
01:18:51]} {[%emt 00:11:59]} Nbd7 {[%clk 01:01:28]} {[%emt 00:04:54]} 9. Na3
{[%clk 01:12:16]} {[%emt 00:07:05]} a6 {[%clk 00:46:49]} {[%emt 00:15:10]} 10.
Nc2 {[%clk 01:08:23]} {[%emt 00:04:22]} Be7 {[%clk 00:43:47]} {[%emt 00:03:33]}
11. Ne3 {[%clk 01:05:37]} {[%emt 00:03:15]} Bh5 {[%clk 00:40:47]} {[%emt
00:03:29]} 12. a4 {[%clk 01:04:28]} {[%emt 00:01:40]} O-O {[%clk 00:37:30]}
{[%emt 00:03:47]} 13. a5 {[%clk 00:54:16]} {[%emt 00:10:43]} Rfd8 {[%clk
00:27:19]} {[%emt 00:10:40]} 14. Nd4 {[%clk 00:51:49]} {[%emt 00:02:57]} Bg6
{[%clk 00:24:23]} {[%emt 00:03:27]} 15. Bf3 {[%clk 00:51:50]} {[%emt 00:00:28]}
Ne4 {[%clk 00:24:00]} {[%emt 00:00:52]} 16. Qa4 {[%clk 00:44:28]} {[%emt
00:07:53]} Qc7 {[%clk 00:17:53]} {[%emt 00:06:37]} 17. Qc4 {[%clk 00:39:14]}
{[%emt 00:05:44]} Nec5 {[%clk 00:17:04]} {[%emt 00:01:19]} 18. Be2 {[%clk
00:34:58]} {[%emt 00:04:46]} Ne5 {[%clk 00:16:24]} {[%emt 00:01:11]} 19. Qa2
{[%clk 00:35:10]} {[%emt 00:00:18]} Ncd3 {[%clk 00:15:46]} {[%emt 00:01:07]} 20.
f4 {[%clk 00:27:40]} {[%emt 00:08:00]} Nxc1 {[%clk 00:14:39]} {[%emt 00:01:37]}
21. Raxc1 {[%clk 00:27:28]} {[%emt 00:00:41]} Nd3 {[%clk 00:14:34]} {[%emt
00:00:35]} 22. Bxd3 {[%clk 00:16:59]} {[%emt 00:11:00]} Bxd3 {[%clk 00:14:55]}
{[%emt 00:00:10]} 23. Rfd1 {[%clk 00:17:21]} {[%emt 00:00:07]} Bg6 {[%clk
00:14:46]} {[%emt 00:00:40]} 24. g3 {[%clk 00:12:21]} {[%emt 00:05:30]} Bc5
{[%clk 00:14:22]} {[%emt 00:00:53]} 25. b4 {[%clk 00:10:38]} {[%emt 00:02:13]}
Ba7 {[%clk 00:14:08]} {[%emt 00:00:45]} 26. Qe2 {[%clk 00:09:57]} {[%emt
00:01:09]} Qe7 {[%clk 00:05:32]} {[%emt 00:09:06]} 27. Nf3 {[%clk 00:07:59]}
{[%emt 00:02:29]} Be4 {[%clk 00:05:29]} {[%emt 00:00:33]} 28. Ne5 {[%clk
00:06:14]} {[%emt 00:02:16]} f6 {[%clk 00:04:46]} {[%emt 00:01:14]} 29. N5c4
{[%clk 00:06:03]} {[%emt 00:00:40]} Qc7 {[%clk 00:03:52]} {[%emt 00:01:24]} 30.
Nd2 {[%clk 00:05:19]} {[%emt 00:01:13]} Rd3 {[%clk 00:02:52]} {[%emt 00:01:30]}
31. Nxe4 {[%clk 00:03:35]} {[%emt 00:02:13]} Rxe3 {[%clk 00:03:06]} {[%emt
00:00:18]} 32. Qf2 {[%clk 00:03:18]} {[%emt 00:00:47]} Rxe4 {[%clk 00:03:06]}
{[%emt 00:00:30]} 0-1

[Event "English Open Championship 2024"]
[Site "Holiday Inn, 212 Abbey End, Kenilworth CV8 1ED, United Kingdom"]
[Date "2024.06.20"]
[Round "1.37"]
[White "Atako, Chino C"]
[Black "Lim, Mark"]
[Result "1-0"]
[TimeControl "G90 + 30secs/move"]
[WhiteFideId "468649"]
[BlackFideId "417734"]
[WhiteElo "2003"]
[BlackElo "1844"]

1. d4 {[%clk 01:30:43]} {[%emt 00:00:16]} Nf6 {[%clk 01:30:58]} {[%emt
00:00:03]} 2. c4 {[%clk 01:31:05]} {[%emt 00:00:08]} e6 {[%clk 01:31:25]}
{[%emt 00:00:03]} 3. Nc3 {[%clk 01:31:28]} {[%emt 00:00:06]} d5 {[%clk
01:31:52]} {[%emt 00:00:04]} 4. cxd5 {[%clk 01:31:46]} {[%emt 00:00:12]} Nxd5
{[%clk 01:32:18]} {[%emt 00:00:05]} 5. e4 {[%clk 01:31:02]} {[%emt 00:01:13]}
Nxc3 {[%clk 01:32:43]} {[%emt 00:00:05]} 6. bxc3 {[%clk 01:31:26]} {[%emt
00:00:06]} c5 {[%clk 01:33:10]} {[%emt 00:00:03]} 7. Nf3 {[%clk 01:31:29]}
{[%emt 00:00:27]} cxd4 {[%clk 01:33:36]} {[%emt 00:00:04]} 8. cxd4 {[%clk
01:31:52]} {[%emt 00:00:07]} Bb4+ {[%clk 01:34:04]} {[%emt 00:00:02]} 9. Bd2
{[%clk 01:32:08]} {[%emt 00:00:14]} Bxd2+ {[%clk 01:34:31]} {[%emt 00:00:03]}
10. Qxd2 {[%clk 01:32:29]} {[%emt 00:00:09]} O-O {[%clk 01:34:58]} {[%emt
00:00:03]} 11. Bc4 {[%clk 01:30:20]} {[%emt 00:02:39]} Nd7 {[%clk 01:35:24]}
{[%emt 00:00:04]} 12. O-O {[%clk 01:30:35]} {[%emt 00:00:14]} b6 {[%clk
01:35:14]} {[%emt 00:00:41]} 13. Rac1 {[%clk 01:27:42]} {[%emt 00:03:23]} Bb7
{[%clk 01:24:00]} {[%emt 00:11:45]} 14. Bd3 {[%clk 01:16:48]} {[%emt 00:11:22]}
Rc8 {[%clk 01:19:24]} {[%emt 00:05:06]} 15. h3 {[%clk 01:12:10]} {[%emt
00:05:08]} Qe7 {[%clk 01:17:35]} {[%emt 00:02:18]} 16. Qf4 {[%clk 01:10:00]}
{[%emt 00:02:41]} Rfe8 {[%clk 01:12:03]} {[%emt 00:06:02]} 17. Qd2 {[%clk
01:07:27]} {[%emt 00:03:02]} Nf8 {[%clk 01:09:46]} {[%emt 00:02:48]} 18. Rfe1
{[%clk 01:07:44]} {[%emt 00:00:14]} Qa3 {[%clk 01:04:17]} {[%emt 00:05:58]} 19.
Ne5 {[%clk 01:07:28]} {[%emt 00:00:45]} Rxc1 {[%clk 01:02:39]} {[%emt
00:02:10]} 20. Qxc1 {[%clk 01:05:48]} {[%emt 00:02:09]} Qd6 {[%clk 00:59:08]}
{[%emt 00:04:02]} 21. Qb2 {[%clk 01:03:21]} {[%emt 00:02:56]} Rd8 {[%clk
00:53:36]} {[%emt 00:06:02]} 22. Nf3 {[%clk 01:03:19]} {[%emt 00:00:32]} Rc8
{[%clk 00:47:48]} {[%emt 00:06:18]} 23. Rc1 {[%clk 00:55:27]} {[%emt 00:08:23]}
Rxc1+ {[%clk 00:38:33]} {[%emt 00:09:45]} 24. Qxc1 {[%clk 00:55:54]} {[%emt
00:00:03]} h6 {[%clk 00:37:28]} {[%emt 00:01:34]} 25. Qb2 {[%clk 00:53:18]}
{[%emt 00:03:06]} Qf4 {[%clk 00:31:45]} {[%emt 00:06:13]} 26. Qe2 {[%clk
00:52:10]} {[%emt 00:01:38]} Ng6 {[%clk 00:30:53]} {[%emt 00:01:22]} 27. g3
{[%clk 00:51:22]} {[%emt 00:01:18]} Qc7 {[%clk 00:28:39]} {[%emt 00:02:44]} 28.
Kh2 {[%clk 00:51:28]} {[%emt 00:00:24]} Ne7 {[%clk 00:27:36]} {[%emt 00:01:34]}
29. Qe3 {[%clk 00:41:03]} {[%emt 00:10:54]} Qd7 {[%clk 00:27:22]} {[%emt
00:00:44]} 30. Bc4 {[%clk 00:39:41]} {[%emt 00:01:51]} Qc7 {[%clk 00:23:29]}
{[%emt 00:04:23]} 31. Bb3 {[%clk 00:39:29]} {[%emt 00:00:44]} b5 {[%clk
00:22:11]} {[%emt 00:01:48]} 32. Qd3 {[%clk 00:38:26]} {[%emt 00:01:32]} b4
{[%clk 00:21:24]} {[%emt 00:01:18]} 33. Ne5 {[%clk 00:28:41]} {[%emt 00:10:15]}
Nc6 {[%clk 00:15:46]} {[%emt 00:06:09]} 34. Nxc6 {[%clk 00:21:38]} {[%emt
00:07:32]} Qxc6 {[%clk 00:14:48]} {[%emt 00:01:29]} 35. d5 {[%clk 00:21:45]}
{[%emt 00:00:21]} exd5 {[%clk 00:13:30]} {[%emt 00:01:48]} 36. exd5 {[%clk
00:21:17]} {[%emt 00:00:58]} Qc5 {[%clk 00:11:24]} {[%emt 00:02:36]} 37. Qe3
{[%clk 00:21:12]} {[%emt 00:00:34]} Qxe3 {[%clk 00:11:32]} {[%emt 00:00:23]} 38.
fxe3 {[%clk 00:21:40]} {[%emt 00:00:02]} Kf8 {[%clk 00:10:41]} {[%emt
00:01:21]} 39. Kg2 {[%clk 00:19:18]} {[%emt 00:02:53]} Ke7 {[%clk 00:10:33]}
{[%emt 00:00:38]} 40. Kf3 {[%clk 00:19:38]} {[%emt 00:00:10]} Kd6 {[%clk
00:10:06]} {[%emt 00:00:57]} 41. Ke4 {[%clk 00:20:05]} {[%emt 00:00:03]} Bc8
{[%clk 00:09:06]} {[%emt 00:01:29]} 42. h4 {[%clk 00:14:03]} {[%emt 00:06:31]}
Bd7 {[%clk 00:08:10]} {[%emt 00:01:27]} 43. Kd4 {[%clk 00:14:17]} {[%emt
00:00:16]} Bb5 {[%clk 00:06:52]} {[%emt 00:01:49]} 44. e4 {[%clk 00:14:18]}
{[%emt 00:00:29]} f6 {[%clk 00:06:46]} {[%emt 00:00:36]} 45. Bc4 {[%clk
00:14:30]} {[%emt 00:00:17]} Bd7 {[%clk 00:05:37]} {[%emt 00:01:38]} 46. Bd3
{[%clk 00:14:49]} {[%emt 00:00:12]} a5 {[%clk 00:03:52]} {[%emt 00:02:16]} 47.
Ba6 {[%clk 00:12:38]} {[%emt 00:02:41]} Ba4 {[%clk 00:03:54]} {[%emt 00:00:28]}
48. Bd3 {[%clk 00:12:54]} {[%emt 00:00:13]} Bd1 {[%clk 00:03:23]} {[%emt
00:00:57]} 49. Kc4 {[%clk 00:13:02]} {[%emt 00:00:25]} Ba4 {[%clk 00:03:26]}
{[%emt 00:00:27]} 50. Kd4 {[%clk 00:11:49]} {[%emt 00:01:44]} Be8 {[%clk
00:02:47]} {[%emt 00:01:09]} 51. g4 {[%clk 00:11:58]} {[%emt 00:00:22]} Bd7
{[%clk 00:02:32]} {[%emt 00:00:45]} 52. g5 {[%clk 00:11:29]} {[%emt 00:00:57]}
hxg5 {[%clk 00:02:07]} {[%emt 00:00:56]} 53. hxg5 {[%clk 00:11:57]} {[%emt
00:00:02]} Ba4 {[%clk 00:01:53]} {[%emt 00:00:45]} 54. Bc4 {[%clk 00:10:25]}
{[%emt 00:02:01]} Bd7 {[%clk 00:01:59]} {[%emt 00:00:23]} 55. gxf6 {[%clk
00:04:54]} {[%emt 00:06:02]} gxf6 {[%clk 00:02:07]} {[%emt 00:00:22]} 56. Bb3
{[%clk 00:04:55]} {[%emt 00:00:29]} a4 {[%clk 00:01:42]} {[%emt 00:00:55]} 57.
Bc4 {[%clk 00:05:06]} {[%emt 00:00:19]} Bg4 {[%clk 00:01:42]} {[%emt 00:00:30]}
58. Bb5 {[%clk 00:04:27]} {[%emt 00:01:07]} Bd1 {[%clk 00:01:08]} {[%emt
00:01:06]} 59. Bd3 {[%clk 00:03:11]} {[%emt 00:01:46]} a3 {[%clk 00:00:45]}
{[%emt 00:00:53]} 60. Bb1 {[%clk 00:02:07]} {[%emt 00:01:34]} b3 {[%clk
00:00:50]} {[%emt 00:00:25]} 61. Kc3 {[%clk 00:02:27]} {[%emt 00:00:10]} b2
{[%clk 00:00:52]} {[%emt 00:00:28]} 62. Kb4 {[%clk 00:02:40]} {[%emt 00:00:17]}
Kc7 {[%clk 00:00:35]} {[%emt 00:00:47]} 63. Kxa3 {[%clk 00:03:03]} {[%emt
00:00:08]} Kd6 {[%clk 00:00:36]} {[%emt 00:00:29]} 1-0

[ePGN "0.1;DGT LiveChess/2.2.6"]

[Event "English Open Championship 2024"]
[Site "Holiday Inn, 212 Abbey End, Kenilworth CV8 1ED, United Kingdom"]
[Date "2024.06.20"]
[Round "2.1"]
[White "Khoury, Theo"]
[Black "Adams, Michael"]
[Result "0-1"]
[TimeControl "G90 + 30secs/move"]
[WhiteFideId "480703"]
[BlackFideId "400041"]
[WhiteElo "2057"]
[BlackElo "2670"]

1. e4 {[%clk 01:30:56]} {[%emt 00:00:03]} e5 {[%clk 01:30:54]} {[%emt
00:00:06]} 2. Nf3 {[%clk 01:31:18]} {[%emt 00:00:08]} Nc6 {[%clk 01:31:17]}
{[%emt 00:00:08]} 3. d4 {[%clk 01:31:35]} {[%emt 00:00:13]} exd4 {[%clk
01:31:39]} {[%emt 00:00:07]} 4. Nxd4 {[%clk 01:32:01]} {[%emt 00:00:04]} Nf6
{[%clk 01:32:02]} {[%emt 00:00:07]} 5. Nxc6 {[%clk 01:32:27]} {[%emt 00:00:05]}
bxc6 {[%clk 01:32:26]} {[%emt 00:00:06]} 6. e5 {[%clk 01:32:53]} {[%emt
00:00:03]} Qe7 {[%clk 01:32:47]} {[%emt 00:00:09]} 7. Qe2 {[%clk 01:33:20]}
{[%emt 00:00:03]} Nd5 {[%clk 01:33:10]} {[%emt 00:00:06]} 8. h4 {[%clk
01:33:34]} {[%emt 00:00:17]} Qe6 {[%clk 01:33:04]} {[%emt 00:00:36]} 9. Nd2
{[%clk 01:33:57]} {[%emt 00:00:06]} a5 {[%clk 01:33:00]} {[%emt 00:00:35]} 10.
g3 {[%clk 01:34:18]} {[%emt 00:00:09]} Nb6 {[%clk 01:32:48]} {[%emt 00:00:43]}
11. h5 {[%clk 01:26:57]} {[%emt 00:07:50]} h6 {[%clk 01:28:42]} {[%emt
00:04:36]} 12. Bh3 {[%clk 01:18:54]} {[%emt 00:08:33]} Qd5 {[%clk 01:28:15]}
{[%emt 00:00:57]} 13. Qe4 {[%clk 01:18:08]} {[%emt 00:01:16]} Ba6 {[%clk
01:20:05]} {[%emt 00:08:41]} 14. Bf1 {[%clk 01:14:24]} {[%emt 00:04:13]} Bxf1
{[%clk 01:14:26]} {[%emt 00:06:10]} 15. Kxf1 {[%clk 01:14:36]} {[%emt
00:00:17]} O-O-O {[%clk 01:06:40]} {[%emt 00:08:16]} 16. b3 {[%clk 01:08:39]}
{[%emt 00:06:27]} Bb4 {[%clk 01:00:23]} {[%emt 00:06:48]} 17. Qxd5 {[%clk
01:05:30]} {[%emt 00:03:38]} Nxd5 {[%clk 00:55:03]} {[%emt 00:05:50]} 18. Nc4
{[%clk 01:00:17]} {[%emt 00:05:43]} Bc3 {[%clk 00:55:17]} {[%emt 00:00:16]} 19.
Bb2 {[%clk 01:00:22]} {[%emt 00:00:25]} Bxb2 {[%clk 00:54:43]} {[%emt
00:01:05]} 20. Nxb2 {[%clk 01:00:45]} {[%emt 00:00:06]} Rde8 {[%clk 00:50:59]}
{[%emt 00:04:14]} 21. Nd3 {[%clk 00:56:59]} {[%emt 00:04:16]} Rhf8 {[%clk
00:49:08]} {[%emt 00:02:21]} 22. c4 {[%clk 00:49:40]} {[%emt 00:07:48]} Nb4
{[%clk 00:47:25]} {[%emt 00:02:14]} 23. Nxb4 {[%clk 00:49:21]} {[%emt
00:00:50]} axb4 {[%clk 00:47:53]} {[%emt 00:00:02]} 24. Re1 {[%clk 00:46:23]}
{[%emt 00:03:26]} Re6 {[%clk 00:45:15]} {[%emt 00:03:09]} 25. f4 {[%clk
00:36:23]} {[%emt 00:10:30]} Rfe8 {[%clk 00:43:54]} {[%emt 00:01:51]} 26. Kf2
{[%clk 00:36:04]} {[%emt 00:00:49]} c5 {[%clk 00:43:19]} {[%emt 00:01:05]} 27.
g4 {[%clk 00:32:14]} {[%emt 00:04:20]} Kb7 {[%clk 00:38:12]} {[%emt 00:05:37]}
28. Re2 {[%clk 00:27:16]} {[%emt 00:05:29]} d6 {[%clk 00:35:08]} {[%emt
00:03:33]} 29. Rhe1 {[%clk 00:27:17]} {[%emt 00:00:29]} dxe5 {[%clk 00:31:27]}
{[%emt 00:04:12]} 30. Rxe5 {[%clk 00:27:39]} {[%emt 00:00:07]} Rxe5 {[%clk
00:31:42]} {[%emt 00:00:15]} 31. Rxe5 {[%clk 00:27:51]} {[%emt 00:00:17]} Rxe5
{[%clk 00:30:50]} {[%emt 00:01:23]} 32. fxe5 {[%clk 00:28:04]} {[%emt
00:00:17]} Kc6 {[%clk 00:30:17]} {[%emt 00:01:03]} 33. Kf3 {[%clk 00:22:11]}
{[%emt 00:06:23]} Kd7 {[%clk 00:30:32]} {[%emt 00:00:15]} 34. Ke3 {[%clk
00:22:27]} {[%emt 00:00:14]} Ke6 {[%clk 00:29:09]} {[%emt 00:01:53]} 35. Ke4
{[%clk 00:22:28]} {[%emt 00:00:29]} g5 {[%clk 00:27:56]} {[%emt 00:01:42]} 0-1

[Event "English Open Championship 2024"]
[Site "Holiday Inn, 212 Abbey End, Kenilworth CV8 1ED, United Kingdom"]
[Date "2024.06.20"]
[Round "2.2"]
[White "Jones, Gawain Cb"]
[Black "Graham, David B"]
[Result "1-0"]
[TimeControl "G90 + 30secs/move"]
[WhiteFideId "409561"]
[BlackFideId "408131"]
[WhiteElo "2633"]
[BlackElo "2149"]

1. c4 {[%clk 01:30:48]} {[%emt 00:00:11]} g6 {[%clk 01:30:54]} {[%emt
00:00:06]} 2. d4 {[%clk 01:31:05]} {[%emt 00:00:14]} Nf6 {[%clk 01:31:17]}
{[%emt 00:00:06]} 3. Nc3 {[%clk 01:31:30]} {[%emt 00:00:05]} Bg7 {[%clk
01:31:40]} {[%emt 00:00:07]} 4. e4 {[%clk 01:31:55]} {[%emt 00:00:05]} d6
{[%clk 01:32:05]} {[%emt 00:00:05]} 5. Be2 {[%clk 01:32:21]} {[%emt 00:00:04]}
O-O {[%clk 01:32:23]} {[%emt 00:00:12]} 6. Be3 {[%clk 01:32:44]} {[%emt
00:00:07]} c5 {[%clk 01:31:26]} {[%emt 00:01:27]} 7. d5 {[%clk 01:32:47]}
{[%emt 00:00:27]} e6 {[%clk 01:31:06]} {[%emt 00:00:50]} 8. Nf3 {[%clk
01:33:10]} {[%emt 00:00:07]} exd5 {[%clk 01:31:19]} {[%emt 00:00:17]} 9. cxd5
{[%clk 01:33:20]} {[%emt 00:00:20]} b5 {[%clk 01:27:03]} {[%emt 00:04:46]} 10.
e5 {[%clk 01:33:19]} {[%emt 00:00:31]} Ng4 {[%clk 01:15:56]} {[%emt 00:11:37]}
11. Bg5 {[%clk 01:33:20]} {[%emt 00:00:29]} Qa5 {[%clk 01:10:51]} {[%emt
00:05:36]} 12. exd6 {[%clk 01:24:41]} {[%emt 00:09:08]} b4 {[%clk 01:05:47]}
{[%emt 00:05:34]} 13. Ne4 {[%clk 01:19:34]} {[%emt 00:05:37]} f5 {[%clk
01:02:26]} {[%emt 00:03:51]} 14. Ned2 {[%clk 01:17:23]} {[%emt 00:02:40]} Bxb2
{[%clk 00:56:09]} {[%emt 00:06:48]} 15. Nc4 {[%clk 01:09:09]} {[%emt 00:08:44]}
Bc3+ {[%clk 00:56:33]} {[%emt 00:00:06]} 16. Nfd2 {[%clk 01:08:47]} {[%emt
00:00:52]} Qb5 {[%clk 00:55:06]} {[%emt 00:01:57]} 17. Be7 {[%clk 01:08:10]}
{[%emt 00:01:07]} Re8 {[%clk 00:45:40]} {[%emt 00:09:56]} 18. Ne5 {[%clk
01:06:37]} {[%emt 00:02:03]} Qb7 {[%clk 00:42:47]} {[%emt 00:03:23]} 19. Nxg4
{[%clk 01:06:42]} {[%emt 00:00:25]} fxg4 {[%clk 00:42:36]} {[%emt 00:00:41]} 20.
O-O {[%clk 01:05:34]} {[%emt 00:01:37]} Bf5 {[%clk 00:35:30]} {[%emt 00:07:37]}
21. Rc1 {[%clk 01:03:43]} {[%emt 00:02:21]} Nd7 {[%clk 00:32:48]} {[%emt
00:03:12]} 22. Nc4 {[%clk 01:02:01]} {[%emt 00:02:11]} Nb6 {[%clk 00:24:01]}
{[%emt 00:09:16]} 23. Nxb6 {[%clk 00:49:24]} {[%emt 00:13:07]} axb6 {[%clk
00:24:03]} {[%emt 00:00:29]} 24. Bb5 {[%clk 00:49:20]} {[%emt 00:00:34]} Bd7
{[%clk 00:18:44]} {[%emt 00:05:49]} 25. Bc6 {[%clk 00:42:15]} {[%emt 00:07:35]}
Bxc6 {[%clk 00:17:17]} {[%emt 00:01:57]} 26. dxc6 {[%clk 00:42:39]} {[%emt
00:00:06]} Qxc6 {[%clk 00:17:44]} {[%emt 00:00:03]} 27. Qxg4 {[%clk 00:42:51]}
{[%emt 00:00:18]} Qd5 {[%clk 00:16:44]} {[%emt 00:01:30]} 28. Rcd1 {[%clk
00:42:13]} {[%emt 00:01:08]} Bd4 {[%clk 00:11:53]} {[%emt 00:05:22]} 29. Qd7
{[%clk 00:38:46]} {[%emt 00:03:56]} Qf7 {[%clk 00:11:10]} {[%emt 00:01:12]} 30.
Qc6 {[%clk 00:34:44]} {[%emt 00:04:32]} Rab8 {[%clk 00:06:59]} {[%emt
00:04:42]} 31. Rde1 {[%clk 00:31:35]} {[%emt 00:03:40]} Kg7 {[%clk 00:05:12]}
{[%emt 00:02:16]} 32. h3 {[%clk 00:27:28]} {[%emt 00:04:37]} Bf6 {[%clk
00:02:53]} {[%emt 00:02:49]} 33. Bxf6+ {[%clk 00:27:13]} {[%emt 00:00:45]} Kxf6
{[%clk 00:03:20]} {[%emt 00:00:03]} 34. d7+ {[%clk 00:26:38]} {[%emt 00:01:05]}
Re6 {[%clk 00:03:45]} {[%emt 00:00:05]} 35. Qc8 {[%clk 00:26:29]} {[%emt
00:00:40]} Qf8 {[%clk 00:03:35]} {[%emt 00:00:40]} 36. d8=Q+ {[%clk 00:26:31]}
{[%emt 00:00:27]} 1-0

[Event "English Open Championship 2024"]
[Site "Holiday Inn, 212 Abbey End, Kenilworth CV8 1ED, United Kingdom"]
[Date "2024.06.20"]
[Round "2.3"]
[White "Ghasi, Ameet K"]
[Black "Banerjee, Supratit"]
[Result "1-0"]
[TimeControl "G90 + 30secs/move"]
[WhiteFideId "409200"]
[BlackFideId "2410079"]
[WhiteElo "2496"]
[BlackElo "2115"]

1. Nf3 {[%clk 01:29:38]} {[%emt 00:01:21]} d5 {[%clk 01:30:51]} {[%emt
00:00:10]} 2. g3 {[%clk 01:29:34]} {[%emt 00:00:35]} Nf6 {[%clk 01:30:53]}
{[%emt 00:00:28]} 3. Bg2 {[%clk 01:29:40]} {[%emt 00:00:22]} c6 {[%clk
01:31:09]} {[%emt 00:00:16]} 4. O-O {[%clk 01:28:32]} {[%emt 00:01:37]} Bg4
{[%clk 01:31:17]} {[%emt 00:00:22]} 5. h3 {[%clk 01:27:05]} {[%emt 00:01:57]}
Bh5 {[%clk 01:31:24]} {[%emt 00:00:23]} 6. d3 {[%clk 01:27:01]} {[%emt
00:00:35]} Nbd7 {[%clk 01:30:44]} {[%emt 00:01:10]} 7. Qe1 {[%clk 01:23:01]}
{[%emt 00:04:29]} e5 {[%clk 01:28:00]} {[%emt 00:03:15]} 8. e4 {[%clk
01:23:13]} {[%emt 00:00:18]} dxe4 {[%clk 01:28:04]} {[%emt 00:00:26]} 9. dxe4
{[%clk 01:23:39]} {[%emt 00:00:04]} Be7 {[%clk 01:26:53]} {[%emt 00:01:38]} 10.
Nbd2 {[%clk 01:16:56]} {[%emt 00:07:15]} Qc7 {[%clk 01:20:21]} {[%emt
00:07:03]} 11. Nc4 {[%clk 01:10:18]} {[%emt 00:07:08]} O-O {[%clk 01:16:18]}
{[%emt 00:04:32]} 12. Bd2 {[%clk 01:04:44]} {[%emt 00:06:04]} Rfe8 {[%clk
01:09:16]} {[%emt 00:07:31]} 13. Nh4 {[%clk 00:59:18]} {[%emt 00:05:57]} Bg6
{[%clk 01:07:24]} {[%emt 00:02:23]} 14. a4 {[%clk 00:52:43]} {[%emt 00:07:05]}
Nc5 {[%clk 00:54:36]} {[%emt 00:13:18]} 15. Nxg6 {[%clk 00:42:33]} {[%emt
00:10:40]} hxg6 {[%clk 00:52:17]} {[%emt 00:02:47]} 16. b4 {[%clk 00:37:30]}
{[%emt 00:05:34]} Ne6 {[%clk 00:45:35]} {[%emt 00:07:12]} 17. c3 {[%clk
00:36:20]} {[%emt 00:01:41]} Bf8 {[%clk 00:42:49]} {[%emt 00:03:16]} 18. h4
{[%clk 00:33:21]} {[%emt 00:03:28]} Rad8 {[%clk 00:41:28]} {[%emt 00:01:50]} 19.
Qe2 {[%clk 00:31:58]} {[%emt 00:01:54]} Nh7 {[%clk 00:32:01]} {[%emt 00:09:57]}
20. Rfd1 {[%clk 00:28:43]} {[%emt 00:03:46]} Be7 {[%clk 00:25:01]} {[%emt
00:07:30]} 21. Bh3 {[%clk 00:23:54]} {[%emt 00:05:19]} Nef8 {[%clk 00:21:27]}
{[%emt 00:04:04]} 22. a5 {[%clk 00:22:03]} {[%emt 00:02:21]} g5 {[%clk
00:21:24]} {[%emt 00:00:33]} 23. h5 {[%clk 00:21:57]} {[%emt 00:00:36]} a6
{[%clk 00:15:29]} {[%emt 00:06:25]} 24. Rdb1 {[%clk 00:20:56]} {[%emt
00:01:30]} g6 {[%clk 00:13:52]} {[%emt 00:02:07]} 25. hxg6 {[%clk 00:20:40]}
{[%emt 00:00:46]} Nxg6 {[%clk 00:12:42]} {[%emt 00:01:40]} 26. Bf5 {[%clk
00:20:58]} {[%emt 00:00:12]} Kg7 {[%clk 00:11:54]} {[%emt 00:01:18]} 27. Be3
{[%clk 00:20:52]} {[%emt 00:00:36]} c5 {[%clk 00:12:13]} {[%emt 00:00:12]} 28.
b5 {[%clk 00:21:01]} {[%emt 00:00:21]} Rh8 {[%clk 00:11:09]} {[%emt 00:01:34]}
29. bxa6 {[%clk 00:21:11]} {[%emt 00:00:20]} bxa6 {[%clk 00:11:33]} {[%emt
00:00:06]} 30. Rd1 {[%clk 00:10:57]} {[%emt 00:10:43]} Nhf8 {[%clk 00:03:57]}
{[%emt 00:08:06]} 31. Rxd8 {[%clk 00:10:54]} {[%emt 00:00:33]} Bxd8 {[%clk
00:04:12]} {[%emt 00:00:15]} 32. Rd1 {[%clk 00:10:39]} {[%emt 00:00:46]} Bf6
{[%clk 00:04:22]} {[%emt 00:00:20]} 33. Rd6 {[%clk 00:09:40]} {[%emt 00:01:26]}
Ne7 {[%clk 00:03:21]} {[%emt 00:01:33]} 34. Bg4 {[%clk 00:07:15]} {[%emt
00:02:54]} Nfg6 {[%clk 00:01:50]} {[%emt 00:02:02]} 35. Qf3 {[%clk 00:07:12]}
{[%emt 00:00:32]} Ng8 {[%clk 00:02:05]} {[%emt 00:00:16]} 36. Rxa6 {[%clk
00:03:41]} {[%emt 00:04:01]} Qb7 {[%clk 00:01:41]} {[%emt 00:00:55]} 37. Rb6
{[%clk 00:03:52]} {[%emt 00:00:18]} Qa8 {[%clk 00:01:43]} {[%emt 00:00:27]} 38.
Bxc5 {[%clk 00:03:09]} {[%emt 00:01:14]} Bd8 {[%clk 00:01:25]} {[%emt
00:00:48]} 39. Rxg6+ {[%clk 00:03:04]} {[%emt 00:00:36]} Kxg6 {[%clk 00:00:59]}
{[%emt 00:00:56]} 40. Nxe5+ {[%clk 00:03:27]} {[%emt 00:00:07]} Kh6 {[%clk
00:01:20]} {[%emt 00:00:09]} 41. Bf8+ {[%clk 00:03:08]} {[%emt 00:00:48]} Kh7
{[%clk 00:01:41]} {[%emt 00:00:10]} 42. Qf5# 1-0